000 00618nam a2200181Ia 4500
008 151202s9999||||xx |||||||||||||| ||und||
082 _bPNVM-47056
100 _aपरांजपे गो. के.
245 _aनिष्काम कर्मयोग.
260 _b"व्हीनस प्रकाशन,पुणे."
260 _c1980
300 _a90
600 _aपरांजपे गो. के.
630 _aनिष्काम कर्मयोग.
700 _aपरांजपे गो. के.
730 _aनिष्काम कर्मयोग.
942 _cBOOK
999 _c1313006
_d1313003